|
|
|
|
| LEADER |
00000cam a2200000 a 4500 |
| 001 |
34517 |
| 003 |
CZ-ZlUTB |
| 005 |
20201104110200.0 |
| 007 |
ta |
| 008 |
041102s2004 xr af f f 001 0 cze d |
| 015 |
|
|
|a cnb001416461
|
| 020 |
|
|
|a 8024710099
|q (brož.)
|
| 035 |
|
|
|a (OCoLC)85119270
|
| 040 |
|
|
|a BOA001
|b cze
|d ABA001
|d ZLD002
|
| 072 |
|
7 |
|a 616
|x Patologie. Klinická medicína
|2 Konspekt
|9 14
|
| 080 |
|
|
|a 616.12
|2 MRF
|
| 080 |
|
|
|a 616-071-083
|2 MRF
|
| 080 |
|
|
|a (035)
|2 MRF
|
| 100 |
1 |
|
|a Sovová, Eliška,
|d 1960-
|7 mzk2004257426
|4 aut
|
| 245 |
1 |
0 |
|a Kardiologie pro obor ošetřovatelství /
|c Eliška Sovová, Jarmila Řehořová
|
| 250 |
|
|
|a 1. vyd.
|
| 260 |
|
|
|a Praha :
|b Grada,
|c 2004
|
| 300 |
|
|
|a 156 s., 8 s. barev. obr. příl. :
|b il. ;
|c 21 cm
|
| 490 |
1 |
|
|a Sestra
|
| 500 |
|
|
|a V pub. uvedeno též logo Avicenum
|
| 504 |
|
|
|a Obsahuje bibliografii a rejstřík
|
| 650 |
0 |
7 |
|a kardiologie
|7 ph121467
|2 czenas
|
| 650 |
0 |
7 |
|a ošetřovatelské diagnózy
|7 ph134956
|2 czenas
|
| 650 |
0 |
9 |
|a cardiology
|2 eczenas
|
| 650 |
0 |
9 |
|a nursing diagnosis
|2 eczenas
|
| 655 |
|
7 |
|a příručky
|7 fd133209
|2 czenas
|
| 655 |
|
9 |
|a handbooks, manuals, etc.
|2 eczenas
|
| 700 |
1 |
|
|a Řehořová, Jarmila,
|d 1965-
|7 nlk20000083878
|4 aut
|
| 830 |
|
0 |
|a Sestra (Grada)
|
| 910 |
|
|
|a ZLD002
|
| 952 |
|
|
|0 0
|1 0
|4 0
|6 616SOVOVÁE
|7 0
|8 BOOK
|9 79357
|a UTBZL
|b UTBZL
|c 006
|d 2008-01-28
|l 15
|m 6
|o 616/SOVOVÁ,E.
|p 420010114009
|r 2023-05-09 00:00:00
|s 2023-04-15
|v 219.00
|w 2019-08-26
|x N:nákup | 20100831
|y 04
|
| 952 |
|
|
|0 0
|1 0
|4 0
|6 616SOVOVÁE
|7 0
|8 BOOK
|9 79358
|a UTBZL
|b UTBZL
|c 006
|d 2008-01-28
|l 33
|m 1
|o 616/SOVOVÁ,E.
|p 420010114010
|r 2024-06-06 00:00:00
|s 2024-04-23
|v 219.00
|w 2019-08-26
|x N:nákup | 20100831
|y 04
|
| 952 |
|
|
|0 0
|1 0
|4 0
|6 616SOVOVÁE
|7 0
|8 BOOK
|9 79359
|a UTBZL
|b UTBZL
|c 006
|d 2008-01-28
|l 35
|o 616/SOVOVÁ,E.
|p 420010114011
|r 2026-03-30 08:55:22
|s 2026-03-05
|v 219.00
|w 2019-08-26
|x N:nákup | 20100831
|y 04
|
| 992 |
|
|
|a BK
|b SK
|d 78
|
| 999 |
|
|
|c 34517
|d 34517
|